| 000 | 01508nam a2200313 c 4500 | ||
|---|---|---|---|
| 999 |
_c182449 _d182449 |
||
| 003 | BLK | ||
| 005 | 20221027161859.0 | ||
| 008 | 180411b bul|||||r ||||||| ||bul|| | ||
| 010 | _aKNG00191373000 | ||
| 040 | _aBLK | ||
| 041 |
_aBUL _cBUL |
||
| 080 |
_aСпец. договори. Продажба, отстъпване, купуване, смяна, размяна, наемане, аренда, даване под наем, рента, залог. Коцесии(правен аспект). Обществени поръчки, лизинг, концесии(договори) _b347.45/.47 _z347.45/.47 |
||
| 100 | 1 |
_aДжонджорова-Пенкова, Тотка _eпърви автор _960966 |
|
| 139 |
_aДжонджорова-Пенкова, Тотка _bД 52 |
||
| 245 | 1 | 0 |
_aДоговорът за транзитна доставка _bМоногр. _cТотка Джонджорова-Пенкова. |
| 257 | _aBGR | ||
| 260 |
_bБАН _c1977 _aСофия |
||
| 300 |
_a248 с. _c21 см |
||
| 380 | _a3 | ||
| 500 | _aИзд. на БАН. Инст. за правни науки. | ||
| 650 | 4 |
_aСтопански договори _9328821 |
|
| 653 | _aстопански договори | ||
| 653 | _aдоставки | ||
| 852 | _aЦб 86444 | ||
| 856 | 4 |
_qpdf _i0.00 _ldisable |
|
| 856 | 4 |
_qpdf _i0.00 _ldisable |
|
| 942 |
_cKNG _n0 _s1 |
||
| 944 |
_aCR _c04.10.2016 _kКамелия_Данева |
||
| 944 |
_aED _c04.10.2016 _kКамелия_Данева |
||
| 999 | _d182449 | ||